[Event "TUR Cup										"]
[Site "Antalya"]
[Date "2018.02.01"]
[Round "8"]
[White "Aktan, Mehmet Tolga"]
[Black "Ozen, Dogukan"]
[Result "1/2-1/2"]
[WhiteElo "1758"]
[BlackElo "1449"]
[PlyCount "114"]
[EventDate "2018.01.27"]
[EventType "swiss"]
[EventRounds "11"]
[EventCountry "TUR"]
[SourceTitle "CBM 182 Extra"]
[Source "ChessBase"]
[SourceDate "2018.02.23"]
[SourceVersion "1"]
[SourceVersionDate "2018.02.23"]
[SourceQuality "1"]

1. e4 c5 2. Nf3 Nc6 3. d4 cxd4 4. Nxd4 Nf6 5. Nc3 g6 6. Be3 Bg7 7. f3 0-0 8. Qd2 d5 9. 0-0-0 dxe4 10. Nxc6 Qxd2+ 11. Rxd2 bxc6 12. fxe4 Ng4 13. Nd1 Be6 14. Kb1 Nxe3 15. Nxe3 Bh6 16. Rd3 Rfd8 17. Nd1 c5 18. Nc3 c4 19. Rxd8+ Rxd8 20. Nd5 Bxd5 21. exd5 Rxd5 22. Bxc4 Rd2 23. g4 e5 24. Bd3 Bf4 25. h3 Kg7 26. b4 Kf6 27. a4 Ke6 28. Kb2 f5 29. Rc1 fxg4 30. hxg4 Kd5 31. Kc3 Rg2 32. Rh1 h6 33. Bxg6 Rxg4 34. Rd1+ Kc6 35. Be8+ Kc7 36. Rd7+ Kb8 37. a5 e4 38. a6 Be5+ 39. Kb3 Rg7 40. Kc4 Rxd7 41. Bxd7 h5 42. Bf5 e3 43. Kd3 Bf4 44. Ke2 Kc7 45. Kf3 Kb6 46. Bd3 Bg5 47. Be2 Be7 48. c3 Bf6 49. c4 Kxa6 50. Kxe3 Bc3 51. c5+ Kb7 52. b5 h4 53. Bf3+ Kc7 54. Kd3 Bf6 55. Kc4 h3 56. Kb4 Be7 57. Kc4 h2 1/2-1/2

[Event "TUR Cup										"]
[Site "Antalya"]
[Date "2018.01.30"]
[Round "6"]
[White "Aktan, Mehmet Tolga"]
[Black "Oner, Oguz"]
[Result "0-1"]
[WhiteElo "1758"]
[BlackElo "1960"]
[PlyCount "56"]
[EventDate "2018.01.27"]
[EventType "swiss"]
[EventRounds "11"]
[EventCountry "TUR"]
[SourceTitle "CBM 182 Extra"]
[Source "ChessBase"]
[SourceDate "2018.02.23"]
[SourceVersion "1"]
[SourceVersionDate "2018.02.23"]
[SourceQuality "1"]

1. e4 e5 2. Nf3 Nc6 3. Bc4 Bc5 4. c3 Nf6 5. d4 exd4 6. cxd4 Bb4+ 7. Nc3 Nxe4 8. 0-0 Bxc3 9. d5 Bf6 10. Re1 Ne7 11. Rxe4 d6 12. Bg5 Bxg5 13. Nxg5 h6 14. Qe2 hxg5 15. Re1 Be6 16. dxe6 f6 17. g3 c6 18. Rd4 d5 19. Qd3 Qb6 20. Bb3 0-0-0 21. Rc1 Rh6 22. Rxd5 Nxd5 23. Bxd5 Qxb2 24. Rc2 Qe5 25. Rxc6+ bxc6 26. Qa6+ Kb8 27. Bxc6 Qe1+ 28. Kg2 Rxh2+ 0-1

[Event "TUR Cup										"]
[Site "Antalya"]
[Date "2018.01.28"]
[Round "2"]
[White "Aktan, Mehmet Tolga"]
[Black "Unat, Can Haktan"]
[Result "0-1"]
[WhiteElo "1758"]
[BlackElo "1980"]
[PlyCount "74"]
[EventDate "2018.01.27"]
[EventType "swiss"]
[EventRounds "11"]
[EventCountry "TUR"]
[SourceTitle "CBM 182 Extra"]
[Source "ChessBase"]
[SourceDate "2018.02.23"]
[SourceVersion "1"]
[SourceVersionDate "2018.02.23"]
[SourceQuality "1"]

1. e4 g6 2. d4 Bg7 3. Nc3 d6 4. Be3 a6 5. Bc4 b5 6. Bb3 Bb7 7. a3 Nd7 8. Nge2 Ngf6 9. d5 c5 10. dxc6 Bxc6 11. Nd4 Bb7 12. Qe2 0-0 13. 0-0-0 Rc8 14. h4 h5 15. Qd2 Nc5 16. f3 a5 17. Ndxb5 Qb6 18. a4 Ba6 19. Kb1 Qb7 20. Bh6 Nxb3 21. cxb3 Kh7 22. Bxg7 Kxg7 23. Qd4 Rc5 24. g4 Bxb5 25. Nxb5 hxg4 26. fxg4 Qxe4+ 27. Qxe4 Nxe4 28. Rd4 f5 29. gxf5 gxf5 30. Rh2 Kf6 31. Rc4 Rxc4 32. bxc4 f4 33. Nc3 Nxc3+ 34. bxc3 f3 35. Kc2 Ke5 36. Rf2 Kf4 37. Kd3 e5 0-1

[Event "TUR Cup										"]
[Site "Antalya"]
[Date "2018.01.27"]
[Round "1"]
[White "Ozbey, Aliasker"]
[Black "Aktan, Mehmet Tolga"]
[Result "0-1"]
[WhiteElo "1280"]
[BlackElo "1758"]
[PlyCount "69"]
[EventDate "2018.01.27"]
[EventType "swiss"]
[EventRounds "11"]
[EventCountry "TUR"]
[SourceTitle "CBM 182 Extra"]
[Source "ChessBase"]
[SourceDate "2018.02.23"]
[SourceVersion "1"]
[SourceVersionDate "2018.02.23"]
[SourceQuality "1"]

1. Nf3 Nf6 2. g3 d5 3. d4 Bg4 4. Bg2 e6 5. 0-0 Bd6 6. Bg5 Nbd7 7. c3 h6 8. Bxf6 Nxf6 9. Qa4+ Qd7 10. Qxd7+ Nxd7 11. Nbd2 f5 12. e3 b5 13. b4 a5 14. a3 Bxf3 15. Bxf3 g5 16. Bg2 g4 17. f4 gxf3 18. Bxf3 h5 19. Nb3 a4 20. Nd2 Nf6 21. Rf2 Ke7 22. Kh1 h4 23. gxh4 Rxh4 24. Rg1 Rah8 25. Nf1 Rh3 26. Rgg2 Kf7 27. Kg1 Nh7 28. Kh1 Kf6 29. Bd1 Ng5 30. Rc2 Ne4 31. Kg1 Bf8 32. Ng3 Bh6 33. Nxe4+ dxe4 34. Kh1 Bxe3 35. Rce2 0-1